Responses for Show #4707 - Tuesday, February 8, 2005

2005 Teen Tournament final game 2.

Contestants

[<< previous game]

Anne Shivers, a senior from Peotone, Illinois (subtotal of $9,000)

Wes Kovarik, a senior from Antioch, California (subtotal of $10,000)

Michael Braun, a junior from Silver Spring, Maryland (subtotal of $19,400)

[next game >>]

Jeopardy! Round responses

ACADEMIC PENTATHLON
MAKE-UP TEST
TEEN PEOPLE
(Alex: The magazine's Hottest Stars Under 25 list.)
NATURE
HOOSIER DADDY
ADD A LETTER
(Alex: Each correct response will be two words, but by adding one letter, the words will have different meanings and will be spelled differently.)
    $200 20
the Declaration of Independence

Anne
    $200 18
Leader

Anne
    $200 13
Mary-Kate & Ashley Olsen

Michael
    $200 8
the sunflower

Wes
    $200 1
Dave Letterman

Triple Stumper
    $200 3
(Anne: What's a [**]?)
(Alex: We need two words.)
(Anne: Oh, [*] and [**]?)

ticket & thicket

Anne
    $400 23
(Anne: What's... sorry.)
(Alex: Oh, you rang in without knowing.)

its square

Anne
Triple Stumper
    $400 19
Pinkie Swear

Michael
    $400 14
Jake Gyllenhaal

Wes
    $400 9
a mole

Michael
    $400 2
(Alex: HOOSIER DADDY--we're dealing with people from the same state.)

Orville Redenbacher

Triple Stumper
    $400 4
hunt & haunt

Anne
    $600 24
laissez-faire

Wes
    $600 21
a roasted marshmallow

Anne
    $600 15
The O.C.

Wes
    $600 10
(Anne: What's a snake?)

a lizard

WesAnne
    $600 28
Larry Bird

Triple Stumper
    $600 5
raft & draft

Anne
    $800 25
(Wes: What is sodium?)

salt

MichaelWes
    $800 22
eyebrows

Wes
    $800 16
(Anne) Hathaway

Michael
    $600 11
(Alex: Perhaps a costly mistake for Anne. Wes, you get the Daily Double.)

fossil fuels

Wes
    $800 27
(Dan) Quayle

Michael
    $800 6
review & preview

Wes
    $1000 26
The Scream

Michael
    $1000 30
mascara

Anne
    $1000 17
St. Louis

Wes
    $1000 12
a loofah

Wes
    $1000 29
Gus Grissom

Michael
    $1000 7
hack & shack

Triple Stumper

Scores at the first commercial break (after clue 14):

Michael Wes Anne
$600 $3,600 $600

Scores at the end of the Jeopardy! Round:

Michael Wes Anne
$5,400 $5,800 $2,200

Double Jeopardy! Round responses

PENINSULAS
INTERNATIONAL SPORTS STARS
UNIVERSAL TRUTH
(Alex: We want you to name the city where the main campus is located...)
COLLEGE TOWNS
THROUGH THE LOOKING-GLASS
SYNONYMS
    $400 1
the Sinai

Michael
    $400 3
rugby

Wes
    $400 8
microwave

Michael
    $400 15
(Anne: What is Pittsburgh?)

Philadelphia

Anne
Triple Stumper
    $400 14
a sheep

Anne
    $400 20
if

Michael
    $800 2
(Anne: What is Washington?)

Alaska

WesAnne
    $800 4
(Wes: Who is Anna Kournikova?)
...
(Alex: Anna Kournikova, unfortunately, has not been winning a lot of tournaments.)

Maria Sharapova

Wes
Triple Stumper
    $800 9
Copernicus

Wes
    $800 21
Columbus (Ohio)

Triple Stumper
    $800 16
(Michael: Who's the Mad Hatter?)

Humpty Dumpty

MichaelWes
    $800 25
rough

Wes
    $1200 5
the Iberian Peninsula

Wes
    $1200 10
diving

Anne
    $1,400 11
the Hubble (Space) Telescope

Anne
    $1200 22
Ann Arbor

Michael
    $1200 17
Tweedledum & Tweedledee

Anne
    $1200 28
present

Wes
    $1600 6
the Arabian Peninsula

Michael
    $1600 26
cycling

Triple Stumper
    $1600 12
filaments

Michael
    $1600 23
Boulder

Michael
    $1600 18
a unicorn

Anne
    $1600 29
to down

Anne
    $2,600 7
(Alex: You and Wes tied at $7,400. What say you?)
(Michael: I'll wager $2,600.)

Italy

Michael
    $2000 27
cricket

Michael
    $2000 13
the redshift

Michael
    $2000 24
Baltimore

Michael
    $2000 19
the Tiger Lily

Triple Stumper
    $2000 30
ditch

Wes

Scores at the end of the Double Jeopardy! Round:

Michael Wes Anne
$20,400 $13,000 $8,400
(lock tournament)

[wagering suggestions for these scores]

Final Jeopardy! Round responses

U.S. GOVERNMENT
(Alex: Congratulations, Michael. Come on over here. You are our new Teen champion! ... What a match. Congratulations, young man. So long, everybody.)
AnneWhat is the president pro tempore?
$600
WesWhat is the President Pro Tempore?
$7,000
MichaelWhat is President Pro Tempore
$5,601
president pro tempore

Final scores:

Michael Wes Anne
$26,001 $20,000 $9,000

Cumulative scores:

Michael Wes Anne
$45,401 $30,000 $18,000
Tournament champion: $75,000 and a computer package 1st runner-up: $30,000 and a computer package 2nd runner-up: $18,000 and a computer package

Game dynamics:

Coryat scores:

Michael Wes Anne
$19,800 $13,200 $8,200
19 R
(including 1 DD),
1 W
18 R
(including 1 DD),
2 W
13 R
(including 1 DD),
4 W

Combined Coryat: $41,200

[game clues] [game scores] [suggest correction]

Game tape date: 2004-10-27
The J! Archive is created by fans, for fans. Scraping, republication, monetization, and malicious use prohibited; this site may use cookies and collect identifying information. See terms. The Jeopardy! game show and all elements thereof, including but not limited to copyright and trademark thereto, are the property of Jeopardy Productions, Inc. and are protected under law. This website is not affiliated with, sponsored by, or operated by Jeopardy Productions, Inc. Join the discussion at JBoard.tv.